| 000 | 01084nam a2200289 i 4500 | ||
|---|---|---|---|
| 003 | DO-SdBNP | ||
| 005 | 20240813144815.0 | ||
| 006 | a||||gr|||| 00| 0 | ||
| 007 | ta | ||
| 008 | 240813e1986 dr a|||| |||| 00| 0 spa d | ||
| 040 |
_aDO-SdBNP _bspa _cBNPHU _erda |
||
| 082 | 4 |
_222 _bC719G |
|
| 100 | 1 |
_aGuerrero, José G. _918729 _eautor |
|
| 245 | 1 | 0 |
_aCristóbal Colón: _bun hombre del siglo XV / _cJosé G. Guerrero. |
| 264 | 1 |
_aSanto Domingo : _bCentro "Cristóbal Colón" para el Desarrollo de la Ciencia y la Cultura, _c1986 |
|
| 300 |
_a34 páginas : _bilustraciones, retratos ; |
||
| 336 |
_2rdacontent _atexto _btxt |
||
| 337 |
_2rdamedia _asin mediación _bn |
||
| 338 |
_2rdacarrier _avolumen _bnc |
||
| 490 | 0 |
_a"Papeles para el V Centenario" ; _v1 |
|
| 500 | _aIncluye datos biográficos del autor en la contracubierta. | ||
| 504 | _aBibliografía: páginas 32-33 | ||
| 590 | _aInventariado 2024 / MF | ||
| 600 | 4 |
_aColón, Cristóbal _d1451-1506 _xBiografía _94313 |
|
| 600 | 4 |
_aG. Guerrero, José _972842 _tCristóbal Colón: Un hombre del siglo XV |
|
| 942 |
_2ddc _cLF2 |
||
| 999 |
_c57437 _d57437 |
||